000 00472pab a2200181 454500
008 180718b2010 xxu||||| |||| 00| 0 eng d
100 _aLanfranchi, Joseph
245 _aShedding new light on intrinsic motivation to work: evidence from a discrete choice experiment
260 _c2010
300 _ap.75-93.
362 _aFeb
650 _aMotivation
700 _aLarguem, Makram
700 _aNarcy, Mathieu
773 _aKyklos
908 _aN
909 _a86271
999 _c86271
_d86271